[Event "Rishon Le Ziyyon"]
[Site "Rishon Le Ziyyon"]
[Date "1996.??.??"]
[Round "1"]
[White "Alterman, Boris"]
[Black "Greenfeld, Alon"]
[Result "1/2-1/2"]
[WhiteElo "2585"]
[BlackElo "2560"]
[Annotator "Alterman,B"]
[PlyCount "42"]
[EventDate "1996.02.??"]
[EventType "tourn"]
[EventRounds "9"]
[EventCountry "ISR"]
[EventCategory "13"]
[SourceTitle "CBM 053"]
[Source "ChessBase"]
[SourceDate "1996.08.01"]
[SourceVersion "1"]
[SourceVersionDate "1996.08.01"]
[SourceQuality "1"]

1. d4 Nf6 2. c4 e6 3. Nc3 Bb4 4. e3 c5 5. Bd3 Nc6 6. Nf3 Bxc3+ 7. bxc3 d6 8.
O-O e5 9. Nd2 O-O 10. Rb1 Qe7 (10... b6 11. h3 (11. Qc2 Bd7 12. h3 Qc8 (12...
exd4 13. exd4 cxd4 14. Ne4 Nxe4 15. Bxe4 h6 16. Bf4 $14) 13. f4 exd4 14. cxd4 (
14. exd4 $5) 14... Re8 (14... Nb4 15. Rxb4 cxb4 16. e4 h6 17. e5 Ne8 18. Bb2
$44) 15. Nf3 Nb4 16. Rxb4 cxb4 17. e4 b5 $1 18. c5 dxc5 (18... d5 19. e5 Ne4
20. Ng5 Nxg5 21. fxg5 g6 22. Qb3 $44) 19. dxc5 h6 20. Nd4 Bc6 21. e5 Nd5 22.
Nf5 $2 Nc3 23. Qf2 Qe6 $1 24. Nxg7 $8 Kxg7 25. f5 Qd5 26. Bxh6+ Kh8 27. Bf4
Qxg2+ 28. Qxg2 Bxg2 29. Kxg2 Rac8 30. e6 $1 $138 fxe6 31. f6 Rf8 32. Bd6 Rf7
33. Rf4 Nd5 34. Rh4+ Kg8 35. Rg4+ Kh8 36. Rh4+ {Bareev,E-Timman,J/Wijk aan Zee/
1995/0,5/36/}) (11. Qc2) (11. f4 exd4 12. cxd4 cxd4 13. Qf3 dxe3 14. Qxc6 Bd7
15. Qf3 exd2 16. Bxd2 Rc8 17. Bc3 Be6 18. Rbc1 Re8 19. Qf2 h6 20. Qh4 d5 21. f5
Bd7 22. Bxf6 Qxf6 23. Qxf6 gxf6 24. cxd5 Re5 25. Rxc8+ Bxc8 26. Rc1 Bd7 27. Rc7
Rxd5 28. Bc4 Rd1+ 29. Kf2 a5 30. Rb7 Rd4 {Schon,W-Tunik,G/Groningen op/1995/0,
5/60/}) 11... Bd7 (11... Re8 $142) 12. f4 exd4 (12... exf4 13. Rxf4 $16 Qe7 14.
Qf3 Rac8 15. Nf1 Ne8 (15... Na5 16. d5 $16 {פa5}) 16. Ng3 g6 17. Bd2 Ng7 18.
Rf1 {/\ 19. Rf6 Ne8 20. Ne4} f5 19. e4 Ne6 (19... cxd4 20. exf5) (19... Ne5 20.
dxe5 dxe5 21. Rxf5 gxf5 22. exf5 $16 {->} Bc6 $140 23. Qg4) 20. exf5 Nxf4 21.
Bxf4 cxd4 22. Qd5+ $1 Kg7 23. Bxd6 $18 Qe3+ 24. Kh2 Rf6 25. Bf4 Qe8 26. fxg6
hxg6 27. Bh6+ {Sokolov,I-Winants/1995/}) 13. cxd4 Re8 (13... cxd4 14. e4 $44 {
->}) 14. Qf3 Qe7 15. d5 Nb4 16. Rxb4 cxb4 17. e4 b5 18. cxb5 Rab8 19. a4 a6 20.
Bb2 axb5 21. a5 Bc8 22. e5 dxe5 23. fxe5 Nxd5 24. Qxd5 Bb7 25. Qb3 Rbd8 26. Ne4
Bd5 27. Qc2 b3 28. Qe2 Bc4 29. Bxc4 bxc4 30. Qxc4 {Pliester,L-Van den Doel,E/
NED t-ch/1995/1-0/42/}) (10... Rb8 11. d5 Ne7 12. Qa4 a6 13. Qc2 Kh8 14. f4 Ng4
15. Nf3 f5 16. h3 Nxe3 17. Bxe3 e4 18. Bxe4 fxe4 19. Ng5 Nf5 20. Rfe1 Nxe3 21.
Rxe3 Rxf4 22. Rxe4 Rf5 23. Ne6 Bxe6 24. dxe6 Qe7 25. Qd3 Rf6 26. Qd5 b6 27. a4
a5 28. Rd1 h6 29. Re2 Re8 30. Rde1 {Sharif,Me-Daly,C/Linares-zt/1995/0,5/47/})
11. d5 e4 (11... Nb8 12. e4 Nbd7 13. Re1 $14) 12. Nxe4 Nxe4 13. dxc6 bxc6 (
13... Nxc3 14. cxb7 Bxb7 15. Rxb7 Qxb7 16. Qc2 $18) 14. Qc2 f5 (14... Re8 15.
f3 Nf6 16. e4 $13) 15. f3 Nf6 $1 $146 (15... Ng5 16. Bd2 $14 Nf7 (16... Be6)
17. f4 Nh6 18. Qa4 $1 (18. Rbe1 Be6 19. e4 Qf7) 18... Qc7 19. h3 Bd7 (19... Be6
) 20. Rb3 (20. Rb3 Rae8 21. Rfb1 Bc8 22. Rb8 $16) 20... Rab8 21. Rxb8 $1 Rxb8
22. e4 {Bareev,E-Van der Wiel,J/Wijk aan Zee/1995/}) 16. Bd2 (16. Re1 $1 Be6
17. e4 Qf7 $1 $132 (17... fxe4 18. Bxe4 Nxe4 19. Qxe4 Rae8 20. Qxc6)) (16. Bxf5
Bxf5 17. Qxf5 Nd7 18. Qc2 Ne5 $10) 16... Be6 17. Rfe1 Nd7 18. Rb7 Qd8 19. Qa4
$1 Qc8 (19... Rf7 $5 20. Qc2 $1 (20. Qxc6 Ne5) (20. Reb1 Nb6 21. Qa6 Bc8 22.
R1xb6 Bxb7 23. Rxb7 Qc8) 20... Rf8 $10) 20. Rxa7 Ne5 21. Bf1 Rxa7 (21... Rxa7
22. Qxa7 Nxc4 23. Bc1 Qa8 $10) 1/2-1/2

[Event "Candidates FIDE sf1"]
[Site "Sanghi Nagar"]
[Date "1994.??.??"]
[Round "2"]
[White "Kamsky, Gata"]
[Black "Anand, Viswanathan"]
[Result "1/2-1/2"]
[WhiteElo "2695"]
[BlackElo "2720"]
[Annotator "Anand,V"]
[PlyCount "117"]
[EventDate "1994.07.??"]
[EventType "match"]
[EventRounds "8"]
[EventCountry "IND"]
[SourceTitle "CBM 042"]
[Source "ChessBase"]
[SourceDate "1994.10.01"]
[SourceVersion "1"]
[SourceVersionDate "1994.10.01"]
[SourceQuality "1"]

1. d4 {Ftacnik} Nf6 2. c4 e6 3. Nc3 Bb4 4. e3 c5 5. Bd3 Nc6 6. Nf3 Bxc3+ 7.
bxc3 d6 8. O-O O-O 9. Nd2 e5 10. Ne4 b6 $5 11. Qf3 Bb7 12. Ng3 $6 (12. Nxf6+
Qxf6 13. Qxf6 gxf6 14. f4 $1 (14. d5 $2 Na5 $15 {>< c4}) (14. Be4 {Ftacnik} Na5
{xc4}) 14... Na5 15. e4 Ba6 16. Rf3 $44) 12... Kh8 $1 (12... Na5 13. e4 $1) (
12... Qd7 13. d5 Na5 14. e4 Ba6 15. Qe2 Qa4 $140 16. Bg5) 13. d5 $6 (13. Qd1
$13 {Ftacnik Anand}) 13... e4 $1 14. Bxe4 (14. Nxe4 Ne5 15. Qe2 Nxe4 16. Bxe4
f5 $1 17. Bd3 Ba6 $44 (17... Qh4 {Ftacnik} 18. f4 Nxd3 19. Qxd3 Rae8 20. Bd2
Re4 {/\ Ba6})) 14... Ne5 15. Qf4 (15. Qe2 $2 Ba6 16. Bd3 (16. Rd1 {Ftacnik}
Bxc4 17. Qc2 $15) 16... Nxd5 $1) 15... Ba6 (15... g5 $6 16. Qxg5 Rg8 17. Qh6
Rxg3 18. fxg3 $1 Nxe4 19. Rf4 Nxc3 $140 20. Bb2 $1 $16) 16. Rd1 $2 (16. Bf3
Bxc4 17. Rd1 $15) 16... g5 $1 17. Qxg5 $8 (17. Qf5 Bc8 18. Qxg5 Rg8) 17... Rg8
18. Qh6 (18. Qf4 {Ftacnik} Rg4 19. Qh6 Nxe4 20. f3 Rg6 $19) 18... Rxg3 19. hxg3
Nxe4 20. f3 Nxg3 (20... Nxc3 {Ftacnik} 21. Re1 Bxc4 22. Bb2 Na4 23. Bxe5+ dxe5
24. e4 $17) 21. e4 Qf8 $2 (21... Ne2+ $1 22. Kf2 Nxc1 23. Raxc1 (23. Rh1 $2
Ncd3+ 24. Ke3 Qg8 $19) 23... Qe7 $17) 22. Qxf8+ $2 (22. Qf6+ $1 Qg7 $8 (22...
Kg8 23. Bh6 Nh5 24. Bxf8 Nxf6 25. Bxd6) 23. Qxg7+ (23. Qxd6 $2 {Ftacnik} Nxf3+
24. gxf3 Nxe4+ $19) 23... Kxg7 24. Kf2 Nh5 25. Rh1 $13) 22... Rxf8 23. Kf2 Rg8
24. Bf4 Nh5 25. Bxe5+ dxe5 26. Rh1 Nf6 27. a4 Bxc4 28. g4 Rg6 29. a5 b5 30. Rh4
Kg7 31. Ke3 a6 32. Rg1 h6 33. Rh2 Ne8 34. Rh5 f6 35. f4 (35. Rh2 {Ftacnik} Nd6
$19) 35... exf4+ 36. Kxf4 Nd6 37. e5 fxe5+ 38. Rxe5 Rf6+ $19 39. Ke3 Nf7 40.
Rf5 Kg6 41. Ke4 $1 Rd6 $2 (41... Nd6+ 42. Ke5 Nxf5 43. gxf5+ Kf7 44. d6) (41...
Ng5+ $1 42. Kf4 (42. Ke5 Nf3+) (42. Ke3 {Ftacnik} Rxf5 43. gxf5+ Kxf5 44. Rh1
Nf7 $19) 42... Bxd5 (42... Nh3+ 43. Ke5) 43. Rd1 Bc4 $1 {>< a6} 44. Rxf6+ Kxf6
45. Rd6+ Ne6+ 46. Ke4 b4 $19) 42. Rd1 Be2 43. Rd2 (43. Rg1 {Ftacnik} Ng5+ 44.
Ke5 Rd8 45. Rc1 Re8+ 46. Kd6 Bxg4 $17) 43... Bc4 (43... Bxg4 {Ftacnik} 44. Rf4
h5 45. Rdf2 Ng5+ 46. Ke5 Rd8 47. d6 $132) 44. Kf4 Kg7 45. Rd1 Bb3 $2 (45... Rf6
$1 46. Rd2 Nd6 $17 {><e2}) 46. Rd2 Rf6 47. Rd3 $1 (47. d6 {Ftacnik} Be6 48.
Rxf6 Kxf6 $17) 47... Nd6 $4 (47... Rd6 $17) (47... Rd6 {Ftacnik} 48. Rd2 Bc4
49. Rd1 Rd7 50. Rd2 b4 51. cxb4 cxb4 52. Rd4 Nd6 53. Re5 b3 $19) 48. Rxf6 Kxf6
49. Re3 $1 $10 Bxd5 50. Re5 Bb7 (50... Bg2 {Ftacnik} 51. Rxc5 Nc4 52. Rh5 (52.
Rc7 Nxa5 53. Ra7 Bb7 $19) (52. Rf5+ Kg7 53. g5 Bb7 54. gxh6+ Kxh6 55. Rf6+ Kg7
56. Re6 Nxa5 $19) 52... Kg6 53. Rh2 Bd5 54. Ra2 $17) 51. Rxc5 Nc4 52. Rc7 Nxa5
53. Rh7 Kg6 54. Rd7 Bc8 55. Rd8 Be6 56. Rd6 Kf6 57. Rxa6 Nc4 58. Rc6 Ne5 59.
Rb6 1/2-1/2

[Event "SRB Central-ch op-A 9th"]
[Site "Paracin"]
[Date "2016.07.09"]
[Round "4"]
[White "Lajthajm, Borko"]
[Black "Atalik, Suat"]
[Result "1/2-1/2"]
[WhiteElo "2433"]
[BlackElo "2564"]
[Annotator "Atalik,S"]
[PlyCount "53"]
[EventDate "2016.07.07"]
[EventType "swiss"]
[EventRounds "9"]
[EventCountry "SRB"]
[SourceTitle "CBM 174"]
[Source "ChessBase"]
[SourceDate "2016.09.13"]
[SourceVersion "1"]
[SourceVersionDate "2016.09.13"]
[SourceQuality "1"]

1. d4 Nf6 2. c4 e6 3. Nc3 Bb4 4. e3 c5 5. Bd3 d5 6. cxd5 Nxd5 7. Bd2 {A
strange move!} ({The regular one is} 7. Nge2 cxd4 8. exd4 Nc6 9. O-O {where I
had experience with White!} O-O 10. Nxd5 exd5 11. Nf4 Bd6 12. Re1 g6 $14) 7...
Nc6 8. Nf3 Nf6 $5 {Ambitious!} (8... O-O 9. Nxd5 Qxd5 (9... Bxd2+ 10. Qxd2 Qxd5
11. dxc5 $14) 10. Bxb4 Nxb4 11. Bb1 $14) (8... cxd4 9. exd4 O-O 10. O-O Be7 {
transposes to what one usually gets from the Panov to the Semi-Tarrasch.}) 9.
a3 Ba5 10. Bb5 $1 cxd4 11. Nxd4 Bd7 12. Nxc6 (12. Bxc6 $5 bxc6 13. Na4 Ne4 14.
Bxa5 Qxa5+ 15. b4 Qa6 16. f3 c5 17. Nxc5 Nxc5 18. bxc5 Qa5+ 19. Qd2 Qxc5 $11)
12... bxc6 13. Be2 (13. Bd3 c5) 13... c5 14. Bf3 Rb8 15. Qc2 Qb6 16. Rb1 O-O (
16... Qa6 17. Be2 Qb7 18. O-O) (16... Qb3 17. Qxb3 Rxb3 18. Ne4 $1 (18. O-O Ke7
19. Nd5+ exd5 20. Bxa5) (18. Bd1 Rb6) 18... Bxd2+ 19. Nxd2 Rb8 20. Be2 Ke7 21.
b3 $14) 17. O-O Rfc8 (17... Qb3 18. Rfc1) 18. Rfd1 Be8 $1 $11 19. h3 Qc7 20.
Ne2 Bxd2 21. Rxd2 a5 (21... Nd7 $5) 22. Nc3 h6 23. Rc1 Qe5 24. Qd1 Rb6 25. Rcc2
Qb8 26. Qc1 Bc6 27. Bxc6 {Nothing to write home about.} (27. Bxc6 Rbxc6 28. Qd1
c4 $1 $132) 1/2-1/2

[Event "SRB Central-ch op-A 9th"]
[Site "Paracin"]
[Date "2016.07.13"]
[Round "8"]
[White "Becker, Marcel"]
[Black "Atalik, Suat"]
[Result "0-1"]
[WhiteElo "2380"]
[BlackElo "2564"]
[Annotator "Atalik,S"]
[PlyCount "60"]
[EventDate "2016.07.07"]
[EventType "swiss"]
[EventRounds "9"]
[EventCountry "SRB"]
[SourceTitle "CBM 174"]
[Source "ChessBase"]
[SourceDate "2016.09.13"]
[SourceVersion "1"]
[SourceVersionDate "2016.09.13"]
[SourceQuality "1"]

1. d4 Nf6 2. c4 e6 3. Nc3 Bb4 4. e3 c5 5. Bd3 Nc6 6. Nf3 Bxc3+ 7. bxc3 d6 {
Portisch's System!} 8. e4 (8. O-O e5 9. Nd2 O-O 10. Rb1 b6 11. h3 (11. d5 Ne7
12. Qc2 g6 $1) 11... Bd7 12. f4 $5 exd4 13. cxd4 Re8 14. Qf3 (14. d5 Nb4 15.
Rxb4 cxb4 16. e4 b5) 14... Qe7 (14... Rc8 15. Ba3 cxd4 16. e4 $44) 15. d5 Nb4
16. Rxb4 cxb4 17. e4 Ba4 18. Bb2 Nd7 19. Qg3 f6 $132 {is another line.}) 8...
e5 9. d5 Ne7 10. Nd2 $5 h5 $146 (10... Qa5 $1 11. Qc2 (11. Qb3 O-O) 11... h5
12. h4 Bd7 {is how the great Dane treated the opening.}) (10... O-O 11. Nf1 {
is Petrosian's idea with which he won another game from Ivkov.That's what I
should have remembered during the game.} Ne8 12. Ng3 f5 13. exf5 Nxf5 14. Qc2
g6 15. Ne4 $16) 11. h4 (11. Nf3 $5) 11... Qa5 12. Qc2 (12. Qb3 $142 Qc7 {
makes Larsen's move order more accurate.}) 12... Bd7 {Gligoric-Larsen, Bugojno
1980: Back in business..} 13. a4 (13. g3 O-O-O 14. a4 Ng4 $1 {is what happened
in the above mentioned game.}) 13... Ng4 14. g3 Qc7 $5 (14... O-O-O 15. Nb3 Qc7
16. a5 Rdf8 {is Larsen's idea.}) 15. Nf1 O-O-O (15... Qc8 $5) (15... a5 $5 16.
f3 Nh6 17. Kf2 $14) 16. a5 Kb8 17. f3 Nh6 18. Be3 Rdf8 19. Nd2 g6 20. Nb3 f5
21. Qc1 Neg8 22. Qa3 $6 {White has to tuck away his king as soon as possible,
since the centre is about to be opened.} (22. O-O fxe4 23. Bxe4 (23. fxe4 $2
Rxf1+ 24. Qxf1 Qc8 25. Bg5 Bh3 26. Qf2 Rh7 $17) 23... Nf5 24. Bf2 Nf6 $13)
22... fxe4 23. Bxe4 (23. fxe4 $2 Ng4) 23... Nf6 24. Nxc5 $5 Nxe4 $6 {There
were holes in my calculations.} ({Acceptance of the sacrifice is more to the
point.} 24... dxc5 25. Bxc5 Nxe4 26. Bxf8 Qxc4 27. Bxh6 Nxg3 28. Kf2 Nxh1+ 29.
Rxh1 Qxd5 30. c4 $15) 25. Nxe4 (25. fxe4 $2 Ng4) 25... Nf5 26. Bf2 $5 ({
White should not be intimidated by the rook sac} 26. Kf2 $142 Qxc4 27. Rhd1 Ka8
(27... Qa6 28. c4) 28. Qb4 Nxe3 29. Kxe3 Rxf3+ 30. Kxf3 Bg4+ 31. Kg2 Qe2+ 32.
Kg1 Qe3+ $11) 26... Qxc4 27. Nxd6 (27. Qb4 $6 Bb5 (27... Qxd5 28. c4) (27...
Qxb4 28. cxb4 Bb5) 28. Qxc4 Bxc4 29. Rd1 Rh7 $1 {and with the idea of ...Rd7
Black will try to hang on to the pawn.} (29... Ne7 30. Nxd6 Bxd5 31. O-O Bxf3
32. Rb1 Nf5 33. Bc5 Nxg3 34. Rxf3 Rxf3 35. Rxb7+ Ka8 36. Rxa7+ Kb8 37. Rb7+ Ka8
$11) 30. g4 Ne7 31. gxh5 gxh5 32. Nxd6 Bxd5 $17) 27... Qxd5 (27... Nxd6 28.
Qxd6+ Ka8 29. Qc5 Qxc5 30. Bxc5 Rxf3 31. Bb4 $44) 28. Rd1 $2 {The losing move.}
(28. Nxf5 Rxf5 29. Rd1 Qc6 (29... Qxf3 30. O-O) 30. O-O $132 Kc8 31. Bxa7 Rxf3
32. Kh2 Rxc3 33. Rf8+ Rxf8 34. Qxf8+ Be8 35. Bf2 Rc2 36. Kg1 Rc1 37. Rxc1 Qxc1+
38. Kh2 Qc6 $11) 28... Qxf3 {King safety which is above any other criteria in
chess decides the issue immediately.} 29. Qc5 Nxd6 $5 {In my opinion the
surest way to victory.} (29... Nd4 30. Bxd4 exd4 $19) (29... Qxh1+ 30. Kd2 Qc6
31. Qxa7+ Kc7 $19) 30. Qxd6+ (30. Qxa7+ Kc8 $1 $19 (30... Kc7 $2 31. O-O))
30... Ka8 (30... Ka8 31. Rf1 (31. Rh2 Bb5 32. Qd2 Qe4+ 33. Qe3 Qxe3+ 34. Bxe3
Rf1+ 35. Kd2 Rd8+) (31. Qc5 Qxh1+ 32. Kd2 Rxf2+ $19) 31... Bb5 32. Rd2 Qe4+ $19
) 0-1

[Event "RUS-ch"]
[Site "Elista"]
[Date "1995.??.??"]
[Round "7"]
[White "Lugovoi, Aleksei"]
[Black "Ibragimov, Ildar"]
[Result "1/2-1/2"]
[WhiteElo "2490"]
[BlackElo "2580"]
[Annotator "Baburin,A"]
[PlyCount "120"]
[EventDate "1995.10.??"]
[EventType "swiss"]
[EventRounds "11"]
[EventCountry "RUS"]
[SourceTitle "CBM 050"]
[Source "ChessBase"]
[SourceDate "1996.02.01"]
[SourceVersion "1"]
[SourceVersionDate "1996.02.01"]
[SourceQuality "1"]

1. d4 Nf6 2. c4 e6 3. Nc3 Bb4 4. e3 c5 5. Bd3 Nc6 6. Nf3 Bxc3+ 7. bxc3 d6 8. e4
e5 9. h3 h6 10. Be3 b6 11. d5 Ne7 12. g3 Bd7 13. Kf1 Qc8 14. Kg2 Nh7 15. Nh4 g5
16. Nf3 f5 17. exf5 Bxf5 18. Qb1 Nf6 19. Nd2 Bxd3 20. Qxd3 Qf5 21. Qxf5 Nxf5 {
The "bad" Bishop from d3 is gone, but White might still have a problem with
his pawn chain, as the d5-pawn can become vulnerable after a7-a6 & b6-b5.} 22.
a4 Kd7 23. Rhb1 Rhf8 24. Rb2 Kc7 25. Re1 Rae8 26. Nf1 Nd7 27. Bc1 a6 28. Nd2
Nf6 29. Ne4 Nxe4 30. Rxe4 Rf6 31. Rbe2 Rg8 32. Rg4 Rfg6 33. Rge4 h5 34. Re1 g4
35. hxg4 Rxg4 36. Kf3 Rxe4 37. Rxe4 Rf8 38. Kg2 Rg8 39. Kh3 Kd7 40. Bd2 Ke7 41.
Be1 Kf6 42. f3 Rb8 43. Re2 b5 44. axb5 axb5 45. cxb5 Rxb5 46. g4 hxg4+ 47. fxg4
Nh6 48. Bh4+ Kg7 49. Rf2 c4 50. Bf6+ Kg6 51. Be7 Nf7 52. Rf6+ Kg7 53. Re6 Rxd5
{Black finally got the pawn, but the opponent has managed to get counterplay
on the opposite wing.} 54. g5 Rd3+ 55. Kg4 Rd1 56. Kf5 Rf1+ 57. Ke4 Rg1 58. Kd5
Nxg5 59. Bxg5 Rxg5 60. Rxd6 Kf7 1/2-1/2

[Event "Hoogovens"]
[Site "Wijk aan Zee"]
[Date "1995.01.??"]
[Round "3"]
[White "Bareev, Evgeny"]
[Black "Timman, Jan H"]
[Result "1/2-1/2"]
[WhiteElo "2675"]
[BlackElo "2635"]
[Annotator "Bareev,E"]
[PlyCount "71"]
[EventDate "1995.01.??"]
[EventType "k.o."]
[EventRounds "5"]
[EventCountry "NED"]
[SourceTitle "CBM 045"]
[Source "ChessBase"]
[SourceDate "1995.04.01"]
[SourceVersion "1"]
[SourceVersionDate "1995.04.01"]
[SourceQuality "1"]

1. d4 Nf6 2. c4 e6 3. Nc3 Bb4 4. e3 c5 5. Bd3 Nc6 6. Nf3 Bxc3+ 7. bxc3 d6 8.
O-O e5 9. Nd2 O-O 10. Rb1 b6 (10... Qe7 11. d5 e4 12. Nxe4 Nxe4 13. dxc6 bxc6 (
13... Nxc3 14. cxb7 Bxb7 15. Rxb7 Qxb7 16. Qc2 $18) 14. Qc2 f5 15. f3 Ng5 16.
Bd2 Nf7 17. f4 $1 Nh6 18. Qa4 $1 $16 {Bareev,E-Van der Wiel,J/Wijk an Zee/95/})
11. Qc2 Bd7 12. h3 Qc8 (12... exd4 13. exd4 cxd4 14. Ne4 Nxe4 15. Bxe4 h6 16.
Bf4 $14) 13. f4 exd4 14. cxd4 (14. exd4 $5) 14... Re8 (14... Nb4 15. Rxb4 cxb4
16. e4 h6 17. e5 Ne8 18. Bb2 $44) 15. Nf3 Nb4 16. Rxb4 cxb4 17. e4 b5 $1 18. c5
dxc5 (18... d5 19. e5 Ne4 20. Ng5 Nxg5 21. fxg5 g6 22. Qb3 $44) 19. dxc5 h6 20.
Nd4 Bc6 21. e5 Nd5 22. Nf5 $2 (22. Bxb5 $2 Bxb5 23. Nxb5 Nc3) (22. Nxb5 Bxb5
23. Bxb5 Nc3 24. Bxe8 Qxc5+) (22. Bh7+ Kh8 23. Be4 Ne7 24. Bxc6 Nxc6 25. Nxb5
$44) 22... Nc3 23. Qf2 (23. Nd6 Qe6 24. Nxe8 Rxe8 25. a3 a5 $17) 23... Qe6 $1 (
23... Ne4 24. Bxe4 Bxe4 25. Nd6 Qc6 26. Re1 $16) (23... Be4 24. Nd6 Bxd3 25.
Nxc8 Bxf1 26. Nd6 Bc4 27. Bd2 $16) 24. Nxg7 $8 (24. Qg3 Qxf5) 24... Kxg7 25. f5
Qd5 26. Bxh6+ Kh8 27. Bf4 (27. Bg5 Qxd3 28. Qh4+ Kg8 29. Bf6 Qd4+ $19) 27...
Qxg2+ (27... Qxd3 28. Qh4+ Kg8 29. Qg5+ Kf8 30. Qh6+ Ke7 (30... Kg8 $10) 31.
Qxc6 Ne2+ 32. Kh2 Nxf4 33. Rxf4 $40) 28. Qxg2 Bxg2 29. Kxg2 Rac8 (29... Nd5 30.
f6 Nxf4+ 31. Rxf4 Rxe5 32. Rh4+ Kg8 33. Bh7+ Kf8 34. Bf5 $10) (29... Rad8 30.
Rf3 $13) 30. e6 $1 $138 fxe6 31. f6 Rf8 32. Bd6 (32. Kh2 Rf7 (32... Nd5 33. Be5
Rf7 34. Bg6 Kg8 35. Bxf7+ Kxf7 36. Rg1 $18) 33. Bg6 Kg8 $13) 32... Rf7 33. Rf4
Nd5 34. Rh4+ Kg8 35. Rg4+ Kh8 36. Rh4+ 1/2-1/2

[Event "SUI-chT"]
[Site "Switzerland"]
[Date "1996.??.??"]
[Round "5"]
[White "Gerber, Richard"]
[Black "Klauser, Markus"]
[Result "1-0"]
[WhiteElo "2395"]
[BlackElo "2375"]
[Annotator "Bulletin"]
[PlyCount "53"]
[EventDate "1996.??.??"]
[EventType "team-tourn"]
[EventRounds "9"]
[EventCountry "SUI"]
[SourceTitle "CBM 055 Extra"]
[Source "ChessBase"]
[SourceDate "1997.01.01"]
[SourceVersion "1"]
[SourceVersionDate "1997.01.01"]
[SourceQuality "1"]

1. d4 Nf6 2. c4 e6 3. Nc3 Bb4 4. e3 c5 5. Bd3 Nc6 6. Nf3 Bxc3+ 7. bxc3 d6 8. e4
e5 9. h3 h6 10. Be3 b6 11. d5 Ne7 12. Nd2 Nh7 13. Qc2 (13. h4 $5 Nf6 14. Nf1
Bd7 15. Bd2 Qc8 16. Ne3 Kd8 17. h5 Kc7 18. f3 g6 19. g4 Qf8 20. Qc2 Qe8 21. Ke2
Ba4 22. Qb2 g5 23. Rhb1 Qd7 {1/2-1/2 Yusupov,A-Timman,J/Madrid (08) ;CBM 47
1995}) 13... Ng6 14. g3 Qf6 $6 15. h4 Qd8 16. Nf1 Bg4 17. Bd2 Qf6 $6 18. Ne3
Qf3 19. Rg1 Nf6 20. Nf1 Nxe4 $2 21. Be3 Nxf2 22. Bxf2 Qf6 23. Ne3 Bf3 24. Be4
Ne7 25. Rf1 g6 26. Bg1 Bxe4 27. Qa4+ 1-0

[Event "World Cup"]
[Site "Barcelona"]
[Date "1989.03.??"]
[Round "15"]
[White "Vaganian, Rafael A"]
[Black "Jussupow, Artur"]
[Result "1-0"]
[WhiteElo "2600"]
[BlackElo "2610"]
[Annotator "Bulletin"]
[PlyCount "123"]
[EventDate "1989.03.??"]
[EventType "tourn"]
[EventRounds "17"]
[EventCountry "ESP"]
[EventCategory "15"]
[SourceTitle "CBM 012"]
[Source "ChessBase"]
[SourceDate "1989.10.01"]
[SourceVersion "1"]
[SourceVersionDate "1989.10.01"]
[SourceQuality "1"]

1. c4 e6 2. d4 Nf6 3. Nc3 Bb4 4. e3 c5 5. Bd3 Nc6 6. Nf3 Bxc3+ 7. bxc3 d6 8.
O-O e5 9. Nd2 Qe7 10. d5 Nb8 11. e4 Nbd7 12. Re1 O-O 13. Nf1 Ne8 14. Ng3 g6 15.
Bh6 Ng7 16. Qd2 f6 17. h4 Rf7 18. Rf1 Nf8 19. Rae1 (19. h5 Nxh5 $6 (19... Bd7
$5 20. hxg6 hxg6 21. f3 g5 {/\ ...Nf8-g6-f4} 22. Kf2 $13 {/\ Rh1}) 20. Nxh5
gxh5 21. f4 Bg4 22. f5 $14 {/\ Bd3-e2}) 19... Bd7 20. Qb2 b6 21. Bc2 Bc8 (21...
Be8 {Im Bulletin wird falsch 21...Bc8 angegeben.} 22. a4 Qd8 23. f3 Rb8 24. Rf2
a6 25. Rb1 Rfb7 26. Qc1 b5 $6 {>= 26...Qe7} 27. cxb5 axb5 28. axb5 Rxb5 29.
Rxb5 Bxb5 30. f4 $1 exf4 $2 31. Qxf4 $16 Nd7 $2) 22. a4 Qd8 23. f3 Rb8 24. Rf2
a6 25. Rb1 Rfb7 26. Qc1 b5 27. cxb5 axb5 28. axb5 Rxb5 29. Rxb5 Rxb5 30. f4 Qe7
31. f5 Bd7 32. Qf1 Rb2 33. Qa1 Rb8 34. Qa5 Be8 35. Qa6 Bb5 36. Qa1 Be8 37. Bd3
Nd7 38. Ra2 Nb6 {'!' Bulletin.} 39. Ra7 Rb7 40. Ra6 Nc8 41. Be2 Ra7 42. Rxa7
Qxa7 43. Qf1 Qe7 44. Bb5 Bf7 45. Bc6 Qd8 46. Bb7 Ne8 47. Qa6 Nc7 48. Qf1 Ne8
49. Bc6 Nc7 {'?' Bulletin.} 50. Qf3 Na7 51. Ba4 Nab5 52. Nf1 {'!' Bulletin.}
Kh8 53. fxg6 {'!' Bulletin.} hxg6 54. Nh2 Be8 (54... f5 $2 55. exf5 Qxh4 56.
fxg6 $18) 55. Ng4 Kh7 56. Bg5 {'!' Bulletin.} fxg5 57. Qf8 Nxc3 58. Nf6+ Qxf6
59. Qxf6 Bxa4 60. Qe7+ Kh6 61. Qxg5+ Kg7 62. Qe7+ 1-0

[Event "Interzonal-14b"]
[Site "Szirak"]
[Date "1987.??.??"]
[Round "12"]
[White "Christiansen, Larry Mark"]
[Black "Adorjan, Andras"]
[Result "1-0"]
[WhiteElo "2575"]
[BlackElo "2540"]
[Annotator "ChessBase"]
[PlyCount "99"]
[EventDate "1987.07.??"]
[EventType "tourn"]
[EventRounds "17"]
[EventCountry "HUN"]
[EventCategory "12"]
[SourceTitle "CBM 003"]
[Source "ChessBase"]
[SourceDate "1988.04.01"]
[SourceVersion "1"]
[SourceVersionDate "1988.04.01"]
[SourceQuality "1"]

1. d4 Nf6 2. c4 e6 3. Nc3 Bb4 4. e3 c5 5. Bd3 Nc6 6. Nge2 cxd4 7. exd4 d5 8.
cxd5 Qxd5 9. O-O Qh5 10. Ne4 Nxe4 11. Bxe4 O-O 12. Qd3 (12. Nf4 $5) 12... Bd6
13. Nf4 Bxf4 14. Bxf4 Rd8 15. Qe3 Bd7 $6 (15... Nb4 $5) 16. Rac1 h6 17. Rc5 Qh4
18. Bc7 Re8 19. Rd1 Rac8 20. Bd6 b6 21. Rc3 Na5 22. Bg3 Rxc3 23. bxc3 Qh5 24.
Bc2 $16 Bb5 25. Re1 Bc4 26. Bb1 Rc8 27. h3 f5 28. Bf4 Qh4 29. Qd2 Bd5 30. Bd3
Qh5 31. Re3 Nc4 32. Bxc4 Rxc4 33. Rg3 Kh7 34. Be5 g5 35. f4 Rc8 36. fxg5 Rg8
37. c4 Be4 38. Bf6 hxg5 39. Bxg5 Rg7 40. Kh2 Rg8 41. Qf4 Rg7 42. Bf6 Rxg3 43.
Qc7+ Kh6 44. Qxg3 Qg6 45. Qh4+ Qh5 46. Bg7+ Kg6 47. Qf6+ Kh7 48. Qe7 Qg6 49.
Bf6+ Kg8 50. Qxe6+ 1-0